000 00813nam a2200277 a 4500
001 000115565
003 CHAP
005 20220329144539.0
008 190607s2018 mx a |r| ||||||spa d
010 _a112026
011 _a112998
020 _a9786071205308
040 _cCHAP
082 0 4 _a972.52
_bC94
245 0 0 _aCrónicas de Chiconcuac /
_ccoordinado por Gerardo Gómez González.
260 _aChapingo, Méx. :
_bUACH. Sociología Rural,
_c2018.
300 _a151 p. :
_bil.
590 _aBATCH-UPD
_b05
_c20190607
_lUCH01
_h0951
590 _aE5765TAJ
_b05
_c20190607
_lUCH01
_h0950
590 _aE5765TAJ
_b05
_c20190607
_lUCH01
_h0957
651 4 _aChiconcuac
_xHistoria
_xSiglo XX.
_9135964
700 0 _aGómez González, Gerardo
_ecoord.
_949715
901 _aBK
942 _cLIBRO
942 _n0
999 _c112026
_d112026